[Event "FIDE World Championship 2021"]
[Site "Dubai"]
[Date "2021.12.03"]
[Round "6.1"]
[White "Carlsen, Magnus"]
[Black "Nepomniachtchi, Ian"]
[Result "1-0"]
[WhiteElo "2855"]
[BlackElo "2782"]
[Annotator "TA"]
[PlyCount "271"]
[EventDate "2021.??.??"]
[SourceTitle "playchess.com"]
[Source "ChessBase"]
[SourceQuality "1"]

{[%evp 11,271,-6,0,6,6,7,0,0,7,-8,10,-4,15,14,18,27,14,0,5,0,7,0,0,0,0,0,0,0,0,
0,0,0,0,0,0,0,0,0,0,0,0,0,0,0,0,0,12,0,12,0,0,0,127,124,156,-155,-155,-155,
-155,-139,-29,-127,0,0,0,0,174,174,138,0,0,0,0,0,0,0,0,0,0,0,0,0,0,0,0,0,0,0,0,
0,0,0,0,0,8,8,9,10,34,34,34,34,69,68,67,47,68,6,33,6,6,6,14,0,0,0,0,0,0,0,0,0,
0,0,0,0,0,0,0,0,0,0,0,0,23,23,24,24,24,23,23,23,23,0,0,0,27,11,11,11,11,11,11,
11,11,0,12,12,12,12,12,11,11,11,11,11,11,11,11,11,12,12,12,12,12,11,11,11,11,
11,11,11,11,11,11,0,0,0,0,0,11,0,11,11,11,11,11,11,11,11,14,11,11,11,11,11,11,
11,12,8,8,8,8,0,4,4,4,4,4,4,4,4,4,4,4,0,12,12,12,12,26,26,26,26,26,26,26,26,27,
27,27,27,27,27,27,27,27,27,27,27,27,27,151,151,131,131,29980,29981,29981,29982,
29983,29983]} 1. d4 Nf6 2. Nf3 d5 3. g3 e6 4. Bg2 Be7 5. O-O O-O 6. b3 c5 7.
dxc5 {D02:1 d4 d5 2 Nf3 sidelines, including 2...Nf6 3 g3 and 2...Nf6 3 Bf4.
Relevante: 7. Bb2Nc6 8. dxc5Bxc5 9. Nbd2b5 10. Ne1b4 11. Nd3Be7 12. e4Ba6 13.
Re1Rc8 14. exd5Nxd5 15. Ne4Qb6 16. Qg4g6 17. Rad1Rfd8 18. Qh3Nd4 19. Ne5Nc3 20.
Cxf7Nde2 + 21. Kh1Rxd1 22. Rxd1Nxd1 23. Nfd6Qxd6 24. Qh60-1 (24) Bosiocic, M 
(2625) -Sevian, S (2660) Chess.com INT 2020 )} Bxc5 8. c4 $5 {[%mdl 4] Leaves
trodden paths.} dxc4 9. Qc2 {[#] The position is equal.} Qe7 $146 ({
Predecessor:} 9... Nc6 10. Bb2 Qe7 11. Qxc4 e5 12. Nbd2 Rd8 13. Rad1 Bf5 14.
Ng5 Bd4 15. Ba3 Qxa3 16. Qxf7+ Kh8 17. Qxb7 {1-0 (28) Mueller Using,
D-Mollekens,R ICCF corr 1973}) 10. Nbd2 {[%cal Bb1d2,Bd2c4,Bc4e5][%mdl 32] A
equipe de Carlsen preparou essa nova variação na esperança de resolver os
problemas de Nepomniachtchi - ele lidou bem com eles.} Nc6 11. Nxc4 b5 {
Carlsen parou para pensar aqui "Eu conseguia me lembrar das falas
corretamente".} (11... e5 $5 {[%cal Re5e4]}) 12. Nce5 Nb4 13. Qb2 {With the
idea Bg5.} Bb7 14. a3 Nc6 15. Nd3 (15. Bg5 $5) 15... Bb6 {[%cal Oe6e5]} 16. Bg5
Rfd8 17. Bxf6 gxf6 {A escolha mais combativa. Nepomniachtchi disse após o
jogo que ele deveria tentar jogar para a vantagem aqui.} (17... Qxf6 {Seria
outra forma de jogar} 18. Qxf6 gxf6 19. Rfc1) 18. Rac1 Nd4 (18... e5 $5 {
Mencionado resumidamente por Nepomniachtchi após o jogo como uma
possibilidade.}) 19. Nxd4 Bxd4 {This bishop pair is nice.} 20. Qa2 Bxg2 21.
Kxg2 Qb7+ 22. Kg1 Qe4 23. Qc2 {Alimentando tensões na posição.} a5 (23...
Rac8 {Também poderia ser tentado aqui} 24. Qxc8) 24. Rfd1 Kg7 (24... f5 $5)
25. Rd2 Rac8 {Mudando o equilíbrio do material e dificultando o jogo para os
dois lados. Carlsen teve significativamente menos tempo do que Nepomniachtchi
para atingir o lance 40 nesta fase.} (25... b4 26. axb4 axb4 27. Nxb4 Bxf2+ 28.
Kxf2 Qxb4 $11) 26. Qxc8 Rxc8 27. Rxc8 Qd5 28. b4 a4 29. e3 (29. Rcc2 $11 Qb3
30. Nc1 Qb1 31. e3 Bb2 32. Rxb2 Qxc1+ 33. Kg2 $11) 29... Be5 30. h4 $5 {
Carlsen teve menos de cinco minutos para chegar ao lance 40, mas mostra que é
ambicioso.} (30. Rc5 Qb3 31. Nxe5 fxe5 $11) 30... h5 (30... Bb2 31. Rc5 Qd6 32.
Rxb2 Qxd3 33. Rbc2 $11) 31. Kh2 Bb2 $2 (31... Qb3 {deve levar à igualdade,
mas seria muito difícil comprometer-se com problemas de tempo.} 32. Nxe5 fxe5
33. Rd7 Qxa3 34. Rcc7 Qb2 35. Rxf7+ Kg6 36. e4 Qe2) 32. Rc5 $16 {É difícil
acreditar que Nepomniachtchi não percebeu isso, mas a essa altura ele
começou a pensar, talvez percebendo que tinha problemas reais agora.} (32.
Rxb2 $6 Qxd3 33. Ra2 Qb3 $11) 32... Qd6 33. Rd1 $2 {Uma mudança de 180 graus
na avaliação - dos computadores pensando que Carlsen teve um ataque muito
forte, possivelmente vencendo, eles agora diziam que ele estava com sérios
problemas.} (33. Rxb2 $6 {Provavelmente teria sido jogado se Carlsen tivesse
visto 34. Qd7.} Qxd3 34. Ra2 (34. Rxh5 $2 Qxa3 35. Rc2 Qxb4 $19) (34. Rbc2 Qxa3
35. Rxb5) 34... Qb3 $11) (33. Rxb5 Bxa3 34. Rd1 Qd7 $17) (33. Rxh5 Bxa3 34.
Rxb5 Qd7 $17) (33. Rcc2 $1 $16 {gera um ataque vencedor de acordo com os
computadores. Essa ideia foi uma surpresa completa para Carlsen. Não é uma
ideia muito carlsenética e com pouco tempo talvez não seja uma surpresa
realmente não estar no seu "radar". - is forced if you want to stay better.}
Bxa3 34. Nf4 Qxb4 35. Rd8 (35. Rd7 e5 36. Nxh5+ Kg6 37. Rc6 {desistir do
cavalo por um ataque de acasalamento. Não tenho certeza se muitos jogadores
achariam isso - pelo menos não com a quantidade de tempo que eles tinham.}))
33... Bxa3 $17 34. Rxb5 Qd7 $1 {Carlsen disse que não viu esse lance ao falar
após o jogo.} (34... e5 {Também é bom para as pretas}) 35. Rc5 {[%cal Od3b2]
[#]} (35. Rxh5 $2 e5 36. e4 Bxb4 $1 $19) 35... e5 {Não tão forte quanto
teria sido o movimento anterior.} ({Black should play} 35... Bxb4 $1 $17 {
[%mdl 512] Seria melhor, de acordo com o computador} 36. Rcc1 (36. Rxh5 $2 a3
$19) 36... Ba5) 36. Rc2 {[#]} (36. e4 $1 $11 {keeps the balance. Seria a
melhor opção} Qd4 37. Kg1 Qxe4 38. Rc3 Bxb4 39. Nxb4 Qxb4 40. Rc2 Qb3 41.
Rdc1 f5 $11) 36... Qd5 ({Better is} 36... Bxb4 $1 $17 {[%mdl 512]} 37. Rcc1 Ba3
) 37. Rdd2 {[%cal Od3f4]} Qb3 38. Ra2 e4 $2 (38... Bxb4 39. Rdb2 Qxd3 40. Rxb4
$16) (38... f5 $11 {and Black has nothing to worry.}) 39. Nc5 $1 $18 {[%csl
Bb3,Be4]} Qxb4 40. Nxe4 $6 $11 {White is more active.} (40. Rdc2 f5 {e os
computadores acham que o branco é muito melhor se não for vencedor.} 41. Nxa4
Qxa4 42. Rc3 f6 43. Raxa3) 40... Qb3 {O controle de tempo fez com que ambos os
jogadores tivessem uma hora extra para mais 20 movimentos.} 41. Rac2 {Strongly
threatening Rc3.} Bf8 $1 {Isso deve garantir o empate - e com bastante
facilidade também.} 42. Nc5 Qb5 43. Nd3 a3 44. Nf4 Qa5 45. Ra2 Bb4 46. Rd3 Kh6
47. Rd1 Qa4 48. Rda1 Bd6 49. Kg1 Qb3 50. Ne2 Qd3 51. Nd4 Kh7 52. Kh2 {Você
deve se perguntar se isso foi uma armadilha.} Qe4 $2 {Um movimento
extremamente descuidado. Presumivelmente, Nepomiachtchi pensou estar
ameaçando Qxh4, provavelmente forçando o Kg1 com uma potencial repetição.}
(52... Kg7 {é a jogada mais simples aqui e o jogo provavelmente terminará
rapidamente em um empate.}) 53. Rxa3 {Threatening Ra5. Claro. Esses dons lhe
dão a chance de pressionar por um longo tempo - o que ele passa a fazer em
espadas.} Qxh4+ $1 {As pretas não fizeram um bom negócio aqui, seu peão-a
perigoso para o peão-h branco. No entanto, apesar de tudo isso ser
extremamente irritante para o preto, ele não deve perder isso com a melhor
jogada. Ele realmente vai sofrer.} (53... Bxa3 54. Rxa3 Qg4 55. Ra5 $16 {
Ainda assim jogo melhor para o branco}) 54. Kg1 Qe4 (54... Bxg3 55. fxg3 Qxg3+
56. Kf1 h4 57. R1a2 h3 58. e4 {e as brancas ganham}) 55. Ra4 Be5 56. Ne2 Qc2
57. R1a2 Qb3 58. Kg2 Qd5+ 59. f3 (59. Kh2 $1 $14) 59... Qd1 60. f4 {Esse
afrouxamento do lado do rei do branco deve significar que o preto tem mais
ideias de retenção. Carlsen claramente pensava que essa era a única maneira
de fazer progresso.} Bc7 {A partir daqui, ambos os jogadores tiveram uma
alocação final de 15 minutos de tempo - agora também com 30 segundos por
jogada até o final do jogo.} 61. Kf2 Bb6 62. Ra1 Qb3 (62... Qd3 63. R4a3 (63.
Nd4 Bxd4 64. Rxd4 Qc2+ 65. Kf3 Qc6+ 66. Kf2 Qc2+ 67. Kf3 Qc6+ 68. Kf2 Qc2+ $11)
63... Qd5 64. Rb1 $14) 63. Re4 Kg7 64. Re8 f5 65. Raa8 Qb4 66. Rac8 Ba5 67. Rc1
{Inhibits Qe1+.} Bb6 68. Re5 Qb3 $1 (68... Qd2 69. Rb1 f6 70. Re7+ Kf8 71. Re6
$16) 69. Re8 Qd5 70. Rcc8 Qh1 71. Rc1 {Chess con chili.} Qd5 72. Rb1 Ba7 73.
Re7 Bc5 74. Re5 Qd3 $1 75. Rb7 {Carlsen quase zerou seu tempo aqui} Qc2 76. Rb5
Ba7 77. Ra5 ({Much less strong is} 77. Rxf5 $6 Qd3 78. Rxf7+ (78. Rg5+ Kf8 $11)
78... Kxf7 79. Rb7+ Ke8 80. Rxa7 Qd5 $16) 77... Bb6 78. Rab5 Ba7 79. Rxf5 Qd3 {
[#]} 80. Rxf7+ $1 Kxf7 (80... Kg6 81. Rxa7) 81. Rb7+ Kg6 82. Rxa7 $11 {[%mdl
4096] Endgame KQ-KRN} Qd5 83. Ra6+ Kh7 84. Ra1 Kg6 85. Nd4 Qb7 86. Ra2 {
Prevents Qb2+.} Qh1 {And now ...Qh2+ would win.} 87. Ra6+ Kf7 88. Nf3 Qb1 89.
Rd6 Kg7 90. Rd5 Qa2+ 91. Rd2 Qb1 92. Re2 Qb6 93. Rc2 Qb1 94. Nd4 Qh1 95. Rc7+
Kf6 96. Rc6+ Kf7 97. Nf3 Qb1 98. Ng5+ Kg7 99. Ne6+ Kf7 100. Nd4 Qh1 101. Rc7+
Kf6 102. Nf3 Qb1 103. Rd7 Qb2+ 104. Rd2 Qb1 105. Ng1 Qb4 106. Rd1 Qb3 107. Rd6+
Kg7 108. Rd4 Qb2+ 109. Ne2 Qb1 110. e4 {Além de qualquer outra coisa, Carlsen
corria o risco de repetir a posição sem um movimento de peão muito em breve.
A posição agora permanece igual por um longo tempo, mas a tarefa defensiva
do preto é muito difícil para um humano.} Qh1 111. Rd7+ Kg8 112. Rd4 Qh2+
113. Ke3 h4 114. gxh4 Qh3+ 115. Kd2 Qxh4 {Agora entramos no ponto onde o
computador conhece a avaliação exata de cada posição.} 116. Rd3 Kf8 117.
Rf3 Qd8+ 118. Ke3 Qa5 119. Kf2 Qa7+ 120. Re3 Qd7 121. Ng3 Qd2+ 122. Kf3 Qd1+
123. Re2 Qb3+ 124. Kg2 Qb7 125. Rd2 Qb3 126. Rd5 Ke7 127. Re5+ Kf7 128. Rf5+
Ke8 129. e5 {[%cal Be4e5,Be5e6][%mdl 32]} Qa2+ 130. Kh3 ({Don't play} 130. Kf3
Qd5+ 131. Kg4 Qd1+ 132. Kh4 Qd3 $16) 130... Qe6 $2 {Até aqui o computador
sabia que jogando os melhores lances o empate viria - depois do lance as
pretas estão perdidas} (130... Qb1 $11) 131. Kh4 {Black must now prevent Rf6.}
Qh6+ {[#]} (131... Qa2 $1 $11 {remains equal.}) 132. Nh5 $1 $16 {[%cal Oe5e6]
Hoping for e6!} Qh7 {[#]} 133. e6 $1 {[%mdl 512] Rf7 would kill now.} Qg6 $2 {
[%mdl 8192]} (133... Qa7 $16) (133... Qb7 134. Kg5) 134. Rf7 {White mates.} Kd8
135. f5 Qg1 136. Ng7 {What a bad dream for Black. Weighted Error Value:
White=0.14 (very precise) /Black=0.18 (very precise)  e o rei branco se
esconderá de xeques em g8 e o peão-e vai promover.} 1-0

[Event "FIDE World Championship 2021"]
[Site "Dubai"]
[Date "2021.12.04"]
[Round "7.1"]
[White "Nepomniachtchi, Ian"]
[Black "Carlsen, Magnus"]
[Result "1/2-1/2"]
[WhiteElo "2782"]
[BlackElo "2855"]
[Annotator "TA"]
[PlyCount "81"]
[EventDate "2021.??.??"]
[SourceTitle "playchess.com"]
[Source "ChessBase"]
[SourceQuality "1"]

1. e4 e5 2. Nf3 Nc6 3. Bb5 {[%cal Bf1b5,Bb5a4,Ba4b3][%mdl 32]} a6 4. Ba4 Nf6 5.
O-O Be7 6. Re1 b5 7. Bb3 O-O 8. a4 $1 {[%mdl 4] is currently scoring better
than 8.c3.} Rb8 9. axb5 {C88: Closed Ruy Lopez: Anti-Marshall Systems.} (9. c3
d5 10. exd5 Nxd5 11. axb5 axb5 12. Nxe5 Nxe5 13. Rxe5 c6 14. d4 Bd6 15. Re1 Qh4
16. g3 Qh3 17. Re4 g5 18. Qf1 Qxf1+ 19. Kxf1 Bf5 20. Nd2 Bxe4 21. Nxe4 Be7 22.
Bxg5 Bxg5 23. Nxg5 Ra8 24. Rd1 Nb6 25. Re1 Nc4 26. Bxc4 bxc4 27. Nf3 Rfb8 28.
Ne5 Rxb2 29. Nxc4 Rc2 30. Re3 Ra1+ 31. Kg2 Rac1 32. Re8+ Kg7 33. Ne5 Rxc3 34.
Re7 R3c2 35. Rxf7+ Kg8 36. Rc7 h5 37. Nd7 Rd1 38. Nf6+ Kf8 {Duda, J (2738)
-Carlsen, M (2847) Krasnaya Polyana 2021 1 / 2-1 / 2 (65)}) 9... axb5 10. h3 d6
11. d3 {White is slightly better. Nepomniachtchi tenta uma abordagem diferente.
Esta posição foi vista um pouco por meio de uma ordem de movimento diferente,
mas não em um nível de elite.} (11. c3 b4 12. d3 bxc3 13. bxc3 d5 14. Nbd2
dxe4 15. dxe4 Bd6 16. Qc2 h6 17. Nf1 Ne7 18. Ng3 Ng6 19. Be3 Qe8 20. Red1 Be6
21. Ba4 Bd7 22. Nd2 Bxa4 23. Qxa4 Qxa4 24. Rxa4 Ra8 25. Rda1 Rxa4 26. Rxa4 Rb8
27. Ra6 Ne8 28. Kf1 Nf8 29. Nf5 Ne6 30. Nc4 Rd8 31. f3 f6 32. g4 Kf7 33. h4 Bf8
34. Ke2 Nd6 35. Ncxd6+ Bxd6 36. h5 Bf8 37. Ra5 Ke8 38. Rd5 Ra8 39. Rd1 Ra2+ 40.
Rd2 {Empate - Nepomniachtchi, I (2782) -Carlsen, M (2855) Dubai Emirados
Árabes Unidos 2021}) 11... h6 {Parece ser a melhor resposta.} (11... Be6 {
Foi o mais jogado na posição mas esta estatística é irrelevante para esta
situação.}) 12. Nc3 Re8 13. Nd5 Bf8 {[#]} 14. Nxf6+ $146 {Uma decisão
polêmica - quebrar a tensão parece apenas ajudar o preto. Embora a dúvida
se isso foi uma preparação permaneça em aberto, parece improvável,
especialmente porque ele consumiu 13 minutos fazendo a mudança. Talvez
Nepomniachtchi quisesse garantir que não perdesse o segundo jogo consecutivo.
Para aumentar a confusão, Nepomniachtchi perguntou a Carlsen depois do jogo
se aquilo não era muito bom.} ({Predecessor:} 14. c3 Be6 15. Nh2 Bxd5 16. exd5
Ne7 17. Qf3 Ng6 18. Be3 Nh4 19. Qe2 Qc8 20. Ng4 Nxg4 21. hxg4 {1-0 (62)
Vachier Lagrave,M (2718)-Telecom Sud Paris Paris 2013}) (14. Bd2) (14. Be3 {
leva a complicações maiores, pelo menos.} Nxd5 15. Bxd5 Nb4 16. Bb3 (16. Ba7
Nxd5 17. Bxb8 Nf4) 16... c5) 14... Qxf6 15. c3 {[%cal Bc2c3,Bc3d4][%mdl 32]}
Ne7 16. Be3 Be6 17. d4 {The position is equal.} exd4 18. cxd4 {Nepomniachtchi
demorou 7 minutos nesta jogada, com bastante tempo no cronômetro, ele
provavelmente deveria ter gasto muito mais tempo, já que o jogo rapidamente
se simplificou para um empate agora. (} (18. Nxd4 {Seria ultima chance de
manter qualquer tensão.} Bxb3 19. Qxb3 b4 {foi brevemente discutido pelos
jogadores após o jogo.} (19... c6 {foi sugerido pelo computador} 20. Ra6 c5)
20. cxb4 c5 (20... Qe5 {Mencionado pelos jogadores. Pelo menos ainda há algum
interesse aqui.} 21. Qd3 (21. f3 g5 $11) (21. Qc2 c5) 21... Ra8 22. Nb5 Rxa1
23. Rxa1 Rc8)) 18... Bxb3 19. Qxb3 Ng6 20. Rec1 (20. Rac1 Rxe4 21. Rxc7 Re7 $11
) 20... c5 21. e5 {Quase todas as peças serão negociadas agora.} (21. dxc5
dxc5 22. Bxc5 Nf4 $11) 21... Qf5 22. dxc5 dxc5 23. Bxc5 Bxc5 24. Rxc5 Nxe5 25.
Nxe5 Rxe5 26. Rxe5 Qxe5 27. Qc3 Qxc3 28. bxc3 $11 {[%mdl 4096] Endgame KR-KR}
Rc8 29. Ra5 Rxc3 30. Rxb5 Rc1+ 31. Kh2 Rc3 32. h4 g6 33. g3 h5 34. Kg2 Kg7 35.
Ra5 Kf6 36. Rb5 Kg7 37. Ra5 Kf6 38. Rb5 $1 Kg7 39. Ra5 Kf6 40. Ra6+ Kg7 41. Ra7
{Weighted Error Value: White=0.03 (flawless) / Black=0.03 (flawless)} 1/2-1/2